000 00615nam a2200241Ia 4500
003 OSt
005 20221005124144.0
006 a|||||r|||| 00| 0
007 ta
008 221004b |||||||| |||| 00| 0 mal d
024 _a54957
037 _cTextual
040 _aCRL
_cCRL
_bmal
041 _2mal
_amal
082 _aO32,1N01,6, H4
100 _aKurup Sankara Au.
245 0 _aMeghachaya
260 _c1944
650 _a MALAYALAM POETRY
_9185636
650 _aMALAYALAM LITERATURE
_938866
942 _hO32,1N01,6, H4
_cTEXL
_2cc
999 _c1049619
_d1049619